ბათუმის შოთა რუსთაველის სახელმწიფო უნივერსიტეტის ბიბლიოთეკა

Aufklärung : / (ბიბ.ჩანაწერი № 62144)

000 -LEADER
fixed length control field 00852nam a22002177a 4500
005 - DATE AND TIME OF LATEST TRANSACTION
control field 20240723122504.0
008 - FIXED-LENGTH DATA ELEMENTS--GENERAL INFORMATION
fixed length control field 240723s2007 ge ||||| |||| 00| 0 ger d
020 ## - INTERNATIONAL STANDARD BOOK NUMBER
International Standard Book Number 9783476022363 X
041 ## - LANGUAGE CODE
Language code of text/sound track or separate title ger
080 ## - UNIVERSAL DECIMAL CLASSIFICATION NUMBER
Universal Decimal Classification number 821.112.2:37 A-44
100 ## - MAIN ENTRY--PERSONAL NAME
Personal name Alt, Peter-André
Dates associated with a name Author:
9 (RLIN) 22905
245 ## - TITLE STATEMENT
Title Aufklärung : /
Statement of responsibility, etc. Peter-André Alt
250 ## - EDITION STATEMENT
Edition statement 3. aktualisierte Aufl View all formats and editions
264 ## - PRODUCTION, PUBLICATION, DISTRIBUTION, MANUFACTURE, AND COPYRIGHT NOTICE
Place of production, publication, distribution, manufacture Stuttgart:
Name of producer, publisher, distributor, manufacturer Verlag, Metzler,
Date of production, publication, distribution, manufacture, or copyright notice 2007.
300 ## - PHYSICAL DESCRIPTION
Extent ix, 348 pages ;
Other physical details 23 cm.
440 ## - SERIES STATEMENT/ADDED ENTRY--TITLE
Title Lehrbuch Germanistik
9 (RLIN) 22906
653 ## - INDEX TERM--UNCONTROLLED
keyword 1700-1799 Allemagne Vie intellectuelle 18e siècle Criticism, interpretation, etc Enlightenment German literature German literature 18th centur
653 ## - INDEX TERM--UNCONTROLLED
keyword გერმანული ლიტერატურა
653 ## - INDEX TERM--UNCONTROLLED
keyword განმანათლებლობა
942 ## - ADDED ENTRY ELEMENTS (KOHA)
Source of classification or shelving scheme
Koha item type წიგნი
ეგზემპლარები
Withdrawn status Lost status Source of classification or shelving scheme Damaged status Not for loan Permanent Location Current Location Shelving location Date acquired Cost, normal purchase price Full call number Barcode Date last seen Copy number Price effective from Koha item type Public note
          ბათუმის შოთა რუსთაველის სახელმწიფო უნივერსიტეტის მთავარი ბიბლიოთეკა ბათუმის შოთა რუსთაველის სახელმწიფო უნივერსიტეტის მთავარი ბიბლიოთეკა წიგნსაცავი 2024-07-23 141.00 821.112.2:37 A-44 68821 2024-07-23 68821 2024-07-23 წიგნი 141.00